Statistics for AFL Most Disposals Every Year Since 1990

Click here to take the quiz!

General Stats

  • This quiz has been taken 12 times
    (5 since last reset)
  • The average score is 28 of 34

Answer Stats

YearTeamDisposalsAnswer% Correct
2019Collingwood789Adam Treloar
100%
1991Sydney689Barry Mitchell
100%
2022Melbourne753Clayton Oliver
100%
2013Collingwood717Dane Swan
100%
2011Collingwood460Dane Swan
100%
2010Collingwood820Dane Swan
100%
2009Collingwood769Dane Swan
100%
2021Bulldogs880Jack Macrae
100%
2020Brisbane511Lachie Neale
100%
2003Collingwood650Nathan Buckley
100%
2004Brisbane630Nigel Lappin
100%
1998St Kilda735Robert Harvey
100%
1996St Kilda597Robert Harvey
100%
1997St Kilda756Robert Harvey
100%
2015Hawthorn748Sam Mitchell
100%
2006Bulldogs708Scott West
100%
2005Bulldogs637Scott West
100%
2002Brisbane582Simon Black
100%
2001Brisbane622Simon Black
100%
2023GWS706Stephen Coniglio
100%
2018Hawthorn848Tom Mitchell
100%
2016Sydney802Dan Hannebery
75%
1994Carlton642Greg Williams
75%
1993Carlton664Greg Williams
75%
2008Geelong730Joel Corey
75%
2014Hawthorn668Jordan Lewis
75%
2007Port Adelaide696Kane Cornes
75%
2017Adelaide825Matt Crouch
75%
1990Collingwood736Tony Shaw
75%
2000Carlton695Brett Ratten
25%
1999Carlton670Brett Ratten
25%
1992Adelaide720Chris McDermott
25%
2012Collingwood741Dayne Beams
25%
1995Geelong629Liam Pickering
0%

Score Distribution

Percentile by Number Answered

Percent of People with Each Score

Your Score History

You have not taken this quiz since the last reset